000 00687nam a2200229 a 4500
003 BD-DhJNU
005 20250220072917.0
008 850917s1986 ilua b 001 0 eng
020 _a0256032467
040 _aBD-DhJNU
_bENG
_cBD-DhJNU
_dBD-DhJNU
082 0 0 _a150 MCP
_223
100 1 _aMcMahon, Frank B.
245 1 0 _aPsychology, the hybrid science /
_cFrank B. McMahon, Judith W. McMahon.
250 _a5th ed.
260 _aChicago, Ill. :
_bDorsey Press,
_cc1986.
300 _axxvi, 716, xxiii p. :
_bill. (some col.) ;
_c27 cm.
504 _aBibliography: p. [679]-713.
500 _aIncludes indexes.
650 0 _aPsychology.
700 1 _aMcMahon, Judith W.
942 _cBK
999 _c1368
_d1368